Journal of educational and behavioural statistics: a quarterly publication sponsored by the American Educational Research Association and the American Statistical Association (Record no. 38391)

MARC details
000 -LEADER
fixed length control field 00665nam a2200157Ia 4500
022 ## - INTERNATIONAL STANDARD SERIAL NUMBER
ISSN 10961879
050 ## - CALL MARK
Classification number LB 2846 .J67/
245 #0 - TITLE STATEMENT
Title Journal of educational and behavioural statistics: a quarterly publication sponsored by the American Educational Research Association and the American Statistical Association
260 ## - PUBLICATION, DISTRIBUTION, ETC. (IMPRINT)
Name of publisher American Educational Research Association : American Statistical Association
260 ## - PUBLICATION, DISTRIBUTION, ETC. (IMPRINT)
Year of publication 2007
300 ## - PHYSICAL DESCRIPTION
Number of Pages v. , 451 p. : ill. ; 23 cm.
650 ## - SUBJECT ADDED ENTRY--TOPICAL TERM
Topical Term Educational statistics--Periodicals. Social sciences--Statistical methods--Periodicals.
942 ## - ADDED ENTRY ELEMENTS (KOHA)
Koha item type Serials

No items available.